000 00499nam a22001697a 4500
999 _c8304
_d8304
008 201112b ||||| |||| 00| 0 eng d
040 _aBMS College of Architecture
100 _aAditya, K
245 _aAyurvedic centre
300 _aNA
500 _a1BM15AT006
502 _8B,Arch
_NBMS College of Architecture, Visvesvaraya Technological University (VTU)
_aProject report
_d2019
650 _aAyurvedic
700 _aYogeshwari K
_eGuide
700 _aLakshmy poorna
_eGuide
942 _2ddc
_cTHE